| 000 | 00370 a2200133 4500 | ||
|---|---|---|---|
| 003 | Nust | ||
| 005 | 20170207154431.0 | ||
| 040 | _cNust | ||
| 082 | _a799 | ||
| 245 |
_aVisit Comdt MCE (Photo Album Vol No. 1, 2002) _cMCS |
||
| 260 |
_aRawalpindi _bMCS _c24-01-02 |
||
| 650 | _aPictures of Visit Comdt MCE in MCS,(Photo Album Vol No. 1, 2002,CD-NO-8) | ||
| 651 | _a Sweet Memories-MCS | ||
| 942 | _cBK | ||
| 999 |
_c197619 _d197619 |
||